00293nam a2200121Ia 4500008004100000041001200041082002300053100002000076245002300096250001700119260002700136300000800163231221s9999 xx 000 0 und d aEnglish a658.56 CHU;12 R2 aChunawalla, S.A 0aProduct Management a6th rev. ed. c2007bHimalayaaMumbai a318